Classic Rock Bands #2 - Statistics

General Stats
  • This quiz has been taken 408 times
    381 since last reset
  • The average score is 11 of 18
Answer Stats
Songs Band/ Musician % Correct
"Hotel California", "Take it Easy" Eagles
97%
"Free Bird", "Sweet Home Alabama" Lynyrd Skynyrd
88%
"Smoke on the Water", "Hush" Deep Purple
87%
"More Than a Feeling", "Peace of Mind" Boston
83%
"Born to be Wild", "Magic Carpet Ride" Steppenwolf
76%
"(Don't Fear) The Reaper", "Godzilla" Blue Oyster Cult
75%
"Roundabout", "Owner of a Lonely Heart" Yes
71%
"Come Sail Away", "Mr. Roboto" Styx
67%
"You've Got Another Thing Comin'", "Breaking the Law" Judas Priest
63%
"Maggie May", "Have I Told You Lately" Rod Stewart
61%
"Hit Me With Your Best Shot", "Love is a Battlefield" Pat Benatar
60%
"My Sweet Lord", "What is Life" George Harrison
57%
"Heart of Gold", "Old Man" Neil Young
56%
"Take it on the Run", "Can't Fight this Feeling" REO Speedwagon
53%
"Land of Confusion", "I Can't Dance" Genesis
52%
"Listen to the Music", "Long Train Runnin'" Doobie Brothers
45%
"Run Runaway", "Cum on Feel the Noize" Slade
28%
"I'm Sticking with You", "Pale Blue Eyes" Velvet Underground
13%
No matching quizzes found
Score Distribution
Percent of People with Each Score
Percentile by Number Answered
Your Score History
You have not taken this quiz since the last reset